Virtuálne návštevy ako súčasť propagácie destinácie diplomová práca

Saved in:
Bibliographic Details
Main Author: Špániková, Katarína
Corporate Author: Obchodná fakulta EU. Katedra informatiky obchodných firiem
Other Authors: Pólya, Attila
Format: Book
Language:Slovak
Published: Bratislava 2012
Tags: Add Tag
No Tags, Be the first to tag this record!

MARC

LEADER 00000nbm a2200000 4500
001 0159188
005 20161109102232.1
041 0 |a slo 
044 |a SK 
245 1 0 |a Virtuálne návštevy ako súčasť propagácie destinácie  |b diplomová práca  |c Katarína Špániková ; školiteľ: Attila Pólya 
264 1 |a Bratislava  |c 2012 
300 |a 70 s. 
100 1 |a Špániková, Katarína 
700 1 |a Pólya, Attila 
710 2 |a Obchodná fakulta EU. Katedra informatiky obchodných firiem